000
00293nam a2200121 a 4500
005
20140414132119.0
008
111122s19uu xx 00 eng d
050
_a
M 551.46
_b
W46 1995
100
_a
Wells, Susan
245
_a
Oceans of the world.
250
_a
Horus editions
999
_c
115004
_d
115004